| 000 | 00808cam a22002657a 4500 | ||
|---|---|---|---|
| 003 | CHAP | ||
| 005 | 20220329141518.0 | ||
| 008 | 971013s r 00010 d | ||
| 010 | _a69344 | ||
| 011 | _a70316 | ||
| 035 | _a79797 | ||
| 040 | _cCHAP | ||
| 090 | _aR-3164 | ||
| 100 | 0 | 0 |
_aMisra, R. L. _976185 |
| 245 | 0 | _aRelative susceptibility of gladiolus varieties to leaf spot disease of Septoria | |
| 500 | _aSobretiro de : Progressive Horticulture 5 (3) : 13-16, 1973 | ||
| 590 |
_aBATCH-UPD _b10 _c20130110 _lUCH01 _h0533 |
||
| 590 |
_aBATCH-UPD _b10 _c20130110 _lUCH01 _h2312 |
||
| 590 |
_aCONVERSION _b10 _c20130109 _lUCH01 _h1338 |
||
| 650 | 1 | 4 |
_aGladiolas _xEnfermedades. _948229 |
| 650 | 1 | 4 |
_aSeptoria. _9104501 |
| 901 | _aBK | ||
| 942 | _cREIMP | ||
| 949 |
_aR-3164 _bBC _cR _d-32687 _eTS1 _i79797 _si |
||
| 999 |
_c69344 _d69344 |
||